| 000 | 01313nam a2200301 a 4500 | ||
|---|---|---|---|
| 001 | 51192 | ||
| 003 | BD-RjUL | ||
| 005 | 20230709112520.0 | ||
| 008 | 160830r20211994ii ||||| |||| 00| 0 ben d | ||
| 020 | _a8172931875 (Vol.1) | ||
| 020 | _a978-81-72933210 (Vol.3) | ||
| 020 | _a8172933320 (Vol.4) | ||
| 020 | _a8172934173 (Vol.5) | ||
| 020 | _a8172935633 (Vol.7) | ||
| 020 | _a9788172939700 (Vol.8) | ||
| 035 | _a(BD-RjUL)51312 | ||
| 040 |
_aBD-RjUL _bben _cBD-RjUL |
||
| 041 | _aben | ||
| 082 |
_223 _a891.44208 _bDUN 2017 |
||
| 100 | 1 |
_a দত্ত, উৎপল _9153117 |
|
| 245 | 1 | 0 |
_aনাটক সমগ্র / _cউৎপল দত্ত |
| 260 |
_aকলিকাতা : _bমিত্র ও ঘোষ পাবলিশার্স প্রা: লি:, _c১৯৯৪,১৯৯৫, ১৯৯৬,১৯৯৭,১৯৯৯,২০০৯ [মুদ্রণ ২০১৪,২০১৫, ২০১৭,২০১৮,২০২১] |
||
| 300 |
_a খণ্ড. ; _c১৯ সেমি. |
||
| 505 | 0 | _a খণ্ড. ১ম -- খণ্ড. ৩য় -- খণ্ড. ৪র্থ-- খণ্ড. ৫ম --খণ্ড. ৭ম-- খণ্ড. ৮ম-- | |
| 650 |
_aবাংলা নাটক _xসংগ্রহ _9126906 |
||
| 650 |
_aBengali Drama _xCollection _9126907 |
||
| 942 |
_2ddc _cBK |
||
| 999 |
_c51192 _d51192 |
||